Trentschin. Zone 10 Col. XVIII /

Korporativní autor: Rakousko-Uhersko. Militärgeographisches Institut
Další autoři: Spaczek, A., Smeu
Jazyk: Maďarština
Němčina
Slovenština
Vydáno: [Wien] : K.u.k. Militärgeographisches Institut, 1889
Edice: Třetí vojenské mapování 1:75 000 ; 4460, 1889
Spezialkarte der österreich-ungarischen Monarchie 1:75 000 ; 4460, 1889
Témata:
Externí odkaz: Digitalizovaný dokument
Fyzický popis: 1 mapa : černobílá ; 37 x 49 cm, na listu 46 x 59 cm
Mapy
Uloženo v:
LEADER 02539nem a2200565 i 4500
001 001507371
003 CZ BrMZK
005 20201203082013.0
007 aj|aanzn
008 160126s1889 au a 0| ger d
034 1 |a a  |b 75000  |d E0175000  |e E0182000  |f N0490000  |g N0484500 
040 |a BOA001  |b cze  |e rda 
041 0 |a ger  |a hun  |a slo 
043 |a e-xo---  |b e-xr-zl  |a e-xr--- 
072 7 |a 623  |x Vojenská technika  |2 Konspekt  |9 19 
072 7 |a 912  |x Mapy. Atlasy. Glóby  |2 Konspekt  |9 7 
080 |a 623.64  |2 MRF 
080 |a 913(437.6)  |2 MRF 
080 |a (084.3)528.42  |2 MRF 
080 |a (084.3)355/359  |2 MRF 
110 1 |a Rakousko-Uhersko.  |b Militärgeographisches Institut  |7 kn20060405003  |4 ctg  |4 pbl 
245 1 0 |a Trentschin.  |p Zone 10 Col. XVIII /  |c K.u.k. Militärgeographisches Institut ; Schrift u. Gerippe v. Objgr. A. Spaczek ; Terrainschraffirung v. Hptm. Paul Smeu 
246 3 |a 4460 
246 3 0 |a Zone 10 Col. XVIII 
255 |a Měřítko 1:75 000  |c (E 17°50'00"--E 18°20'00"/N 49°00'00"--N 48°45'00") 
264 1 |a [Wien] :  |b K.u.k. Militärgeographisches Institut,  |c 1889 
264 2 |a Wien :  |b R. Lechner's k.k. Hof- und Universitäts-Buchhandlung,  |c 1889 
300 |a 1 mapa :  |b černobílá ;  |c 37 x 49 cm, na listu 46 x 59 cm 
336 |a kartografický obraz  |b cri  |2 rdacontent 
337 |a bez média  |b n  |2 rdamedia 
338 |a list  |b nb  |2 rdacarrier 
490 1 |a [Die Franzisco-Josephinische Landesaufnahme 1:75 000] ;  |v 4460, 1889 
490 1 |a [Spezialkarte der österreich-ungarischen Monarchie im Maße 1:75 000] ;  |v 4460, 1889 
500 |a Jednobarevný otisk 
500 |a Další údaje o vydání: 1885 
562 |a Rukopisná poznámka: Wankl  |5 CZ-BrMZK 
650 7 |a vojenská topografie  |7 ph316247  |2 czenas 
651 7 |a Trenčín (Slovensko : oblast)  |7 ge301093  |2 czenas 
655 7 |a topografické mapy  |7 fd809173  |2 czenas 
655 7 |a vojenské mapy  |7 fd133817  |2 czenas 
700 1 |a Spaczek, A.  |7 mub20201080159  |4 ctg 
700 1 |a Smeu  |7 mub20201080133  |4 ctg 
787 0 8 |t Übersichtsblatt der Spezialkarte 1:75 000  |w 1504372 
830 0 |a Třetí vojenské mapování 1:75 000 ;  |v 4460, 1889 
830 0 |a Spezialkarte der österreich-ungarischen Monarchie 1:75 000 ;  |v 4460, 1889 
856 4 1 |u http://www.digitalniknihovna.cz/mzk/uuid/uuid:93d7e265-64f6-4258-b7e5-ccb17eb4c7e6  |y Digitalizovaný dokument 
910 |a BOA001  |b Mpa-0081.473,4460-1889 
990 |a MP 
991 |b 201601 
994 |a PAR  |l MZK01  |b 001504372  |m 4460 Trentschin. 1889  |n Übersichtsblatt der Spezialkarte 1:75 000